Ammonium removal by the oxygen-limited autotrophic nitrification-denitrification system /

Đã lưu trong:
Chi tiết về thư mục
Tác giả chính: Kuai, Linping.
Tác giả khác: Verstraete, Willy.
Định dạng: Bài viết
Ngôn ngữ:English
Những chủ đề:
Các nhãn: Thêm thẻ
Không có thẻ, Là người đầu tiên thẻ bản ghi này!
Thư viện lưu trữ: Thư viện Trường Đại học Đà Lạt
LEADER 00986nam a2200325 4500
001 DLU090091865
005 ##20091201
040 # # |a DLU  |b eng 
041 # # |a eng 
044 # # |a us 
100 # # |a Kuai, Linping.  
245 # # |a Ammonium removal by the oxygen-limited autotrophic nitrification-denitrification system /  |c Linping Kuai, Willy Verstraete. 
653 # # |a Autotrophy 
653 # # |a Biological purification 
653 # # |a Denitrification 
653 # # |a Nitrification 
653 # # |a Nitrogen 
653 # # |a Oxygen 
653 # # |a Waste water purification 
700 # # |a Verstraete, Willy.  
773 # # |t Applied and Environmental Microbiology  |g Vol. 64, no. 11 (November 1998), p. 4500-4506 
920 # # |a Phòng Tạp chí -- Trung tâm Thông tin - Thư viện Trường Đại học Đà Lạt 
994 # # |a DLU 
900 # # |a True 
911 # # |a Trương Bảo Trâm Anh 
925 # # |a G 
926 # # |a A 
927 # # |a BB 
980 # # |a Thư viện Trường Đại học Đà Lạt